Niezapomniane Jedenastki #13: Węgry 1953 - Statystyki

Ogólne statystyki
  • Ten quiz został rozwiązany 45 razy
  • Średni wynik to 2 z 11
Statystyki odpowiedzi
Pozycja Klub Inicjały Zawodnik % Poprawnych
N Honved FP Ferenc Puskas
100%
N Honved SK Sandor Kocsis
44%
LS Honved ZC Zoltan Czibor
18%
BR Honved GG Gyula Grosics
15%
ŚPO MTK NH Nandor Hidegkuti
15%
ŚO Honved GL Gyula Lorant
12%
PO Dorogi JB Jeno Buzanszky
12%
ŚP Honved JB Jozsek Bozsik
12%
ŚO MTK JZ Jozsef Zakarias
9%
PS Honved LB Laszlo Budai
6%
LO MTK ML Michaly Lantos
6%
Nie znaleziono quizów pasujących do podanych kryteriów
Rozkład punktacji
Procent ludzi z każdym wynikiem
Percentyl według liczby udzielonych odpowiedzi
Twoja historia wyników
Nie rozwiązałeś tego quizu